Использование аппартной вычислительной платформы "Arduino" для удаленного мониторинга блок-боксов; Молодежь и современные информационные технологии

Bibliografische gegevens
Parent link:Молодежь и современные информационные технологии.— 2013.— [С. 229-231]
Hoofdauteur: Гаврильев А. Л.
Andere auteurs: Берчук Д. Ю. Денис Юрьевич, Журавлев Д. В. Денис Владимирович
Samenvatting:Заглавие с титульного экрана
Taal:Russisch
Gepubliceerd in: 2013
Reeks:Автоматизация и управление в технических системах
Onderwerpen:
Online toegang:http://earchive.tpu.ru/handle/11683/70442
http://www.lib.tpu.ru/fulltext/c/2013/C04/103.pdf
Formaat: Elektronisch Hoofdstuk
KOHA link:https://koha.lib.tpu.ru/cgi-bin/koha/opac-detail.pl?biblionumber=603769

MARC

LEADER 00000naa2a2200000 4500
001 603769
005 20260204134702.0
035 |a (RuTPU)RU\TPU\conf\968 
035 |a RU\TPU\conf\963 
090 |a 603769 
100 |a 20140205d2013 k y0rusy50 ca 
101 0 |a rus 
102 |a RU 
135 |a drnn ---uucaa 
181 0 |a i  
182 0 |a b 
200 1 |a Использование аппартной вычислительной платформы "Arduino" для удаленного мониторинга блок-боксов  |f А. Л. Гаврильев, Д. Ю. Берчук, Д. В. Журавлев 
203 |a Текст  |c электронный 
225 1 |a Автоматизация и управление в технических системах 
300 |a Заглавие с титульного экрана 
320 |a [Библиогр.: с. 231 (5 назв.)] 
337 |a Adobe Reader 
463 1 |0 (RuTPU)RU\TPU\conf\515  |t Молодежь и современные информационные технологии  |o сборник трудов XI Международной научно-практической конференции студентов, аспирантов и молодых ученых, г. Томск, 13-16 ноября 2013 г.  |f Национальный исследовательский Томский политехнический университет (ТПУ) ; под ред. Е. А. Сикоры и др.  |v [С. 229-231]  |d 2013 
610 1 |a труды учёных ТПУ 
610 1 |a электронный ресурс 
610 1 |a аппаратные платформы 
610 1 |a вычислительные платформы 
610 1 |a Arduino 
610 1 |a мониторинг 
610 1 |a блок-боксы 
700 1 |a Гаврильев  |b А. Л. 
701 1 |a Берчук  |b Д. Ю.  |c специалист в области информатики и вычислительной техники  |c инженер Томского политехнического университета  |g Денис Юрьевич  |3 (RuTPU)RU\TPU\pers\31335 
701 1 |a Журавлев  |b Д. В.  |c специалист в области информатики и вычислительной техники  |c инженер Томского политехнического университета  |g Денис Владимирович  |3 (RuTPU)RU\TPU\pers\31336 
801 2 |a RU  |b 63413507  |c 20220328  |g RCR 
856 4 |u http://earchive.tpu.ru/handle/11683/70442 
856 4 |u http://www.lib.tpu.ru/fulltext/c/2013/C04/103.pdf 
942 |c CF